Psicología del desarrollo : el mundo del adolescente / Coordinado por Eduardo Martí , Javier Onrubia ; Alfredo Fierro , Mercè García-Milá , Inés de Gispert (Registro nro. 33343)
[ vista simple ]
| 000 -LÍDER | |
|---|---|
| Campo fijo de descripción fija | 012730000a22002290004500 |
| 020 ## - NÚMERO INTERNACIONAL NORMALIZADO PARA LIBROS | |
| Número Internacional Normalizado del libro | 84-85840-57-7 |
| 082 04 - NÚMERO DE CLASIFICACIÓN DECIMAL DEWEY | |
| Número de clasificación | G 155.5 M375p |
| 001 - NÚMERO DE CONTROL | |
| Campo de control | 2522 |
| 100 1# - ASIENTO PRINCIPAL--NOMBRE PERSONAL | |
| Nombre personal | Martí, Eduardo (Coord.) |
| 245 10 - TÍTULO | |
| Título del Material | Psicología del desarrollo : el mundo del adolescente / Coordinado por Eduardo Martí , Javier Onrubia ; Alfredo Fierro , Mercè García-Milá , Inés de Gispert |
| 250 ## - MENCIÓN DE EDICIÓN | |
| Mención de edición | 3 |
| 260 ## - PUBLICACIÓN, DISTRIBUCIÓN, ETC. (PIE DE IMPRENTA) | |
| Lugar de publicación, distribución, etc. | Barcelona : ICE Universitat Barcelona , Horsori |
| 336 ## - CONTENT TYPE | |
| Content type term | texto |
| Content type code | txt |
| Source | rdacontent |
| 337 ## - MEDIA TYPE | |
| Source | rdamedia |
| Media type term | sin mediación |
| Media type code | n |
| 338 ## - CARRIER TYPE | |
| Source | rdacarrier |
| Carrier type term | volumen |
| Carrier type code | nc |
| 501 ## - NOTA DE “CON” | |
| Nota de Contenido | rústico |
| 505 00 - NOTA DE CONTENIDO | |
| Nota de contenido con formato preestablecido | El papel de la escuela en el desarrollo del adolescente (Javier Onrubia) -- El cuerpo cambiante del adolescente (Eduardo Martí) -- El pensamiento del adolescente (Marcè García-Milà y Eduardo Marí) -- La construcción de la identidad personal (Alfredo Fierro) -- LA organización de la vida social en la adolescencia (Inés de Gispert) -- Supuestos práctico y actividades complementarias |
| 650 14 - ASIENTO SECUNDARIO DE MATERIA - TERMINO TEMÁTICO | |
| Término temático o nombre geográfico como elemento de entrada | NIÑOS - CRECIMIENTO - ADOLESCENTE \ DESARROLLO DE LA PERSONALIDAD - ADOLESCENTE \ PSICOLOGIA INFANTIL - ADOLESCENTE |
| 700 1# - ASIENTO SECUNDARIO - NOMBRE PERSONAL | |
| Nombre personal | Fierro, Alfredo (1936-) |
| 942 ## - TIPO DE MATERIAL (KOHA) | |
| Tipo de Item KOHA | Libros General |
| Estado de Material | Estado de Perdido | Estado de Dañado | No para Préstamo | Colección | Tomo | Biblioteca de Origen | Biblioteca Permanente | Fecha de Adquisición | Total de Préstamos | Total de Renovaciones | Signatura Topográfica | Código de Barras | Última vez visto | Última vez Préstado | Ejemplar/Existencia | Fecha de Remplazo | Tipo de Material |
|---|---|---|---|---|---|---|---|---|---|---|---|---|---|---|---|---|---|
| Colección General | Biblioteca FUSBC | Biblioteca FUSBC | 25/10/2013 | 3 | 3 | G 155.5 M375p | 17997 | 02/10/2024 | 26/09/2024 | 1 | 26/01/2016 | Libros General |
